<?xml version="1.0" encoding="UTF-8"?>
<record
    xmlns:xsi="http://www.w3.org/2001/XMLSchema-instance"
    xsi:schemaLocation="http://www.loc.gov/MARC21/slim http://www.loc.gov/standards/marcxml/schema/MARC21slim.xsd"
    xmlns="http://www.loc.gov/MARC21/slim">

  <leader>03708nam a2200469 i 4500</leader>
  <controlfield tag="001">38513</controlfield>
  <controlfield tag="003">FINmELB</controlfield>
  <controlfield tag="005">20241216221603.0</controlfield>
  <controlfield tag="006">m     o  u        </controlfield>
  <controlfield tag="007">cr cn|||||||||</controlfield>
  <controlfield tag="008">211210s2011    sp a    ob    000 0 spa d</controlfield>
  <datafield tag="019" ind1=" " ind2=" ">
    <subfield code="a">751744253</subfield>
  </datafield>
  <datafield tag="020" ind1=" " ind2=" ">
    <subfield code="a">9783964561763</subfield>
    <subfield code="q">(e-book)</subfield>
  </datafield>
  <datafield tag="020" ind1=" " ind2=" ">
    <subfield code="z">9788484896036</subfield>
  </datafield>
  <datafield tag="035" ind1=" " ind2=" ">
    <subfield code="a">(OCoLC)1289858532</subfield>
  </datafield>
  <datafield tag="040" ind1=" " ind2=" ">
    <subfield code="a">FINmELB</subfield>
    <subfield code="b">spa</subfield>
    <subfield code="e">rda</subfield>
    <subfield code="c">FINmELB</subfield>
  </datafield>
  <datafield tag="050" ind1=" " ind2="4">
    <subfield code="a">PQ6066</subfield>
    <subfield code="b">.S545 2011</subfield>
  </datafield>
  <datafield tag="082" ind1="0" ind2="4">
    <subfield code="a">860.9003</subfield>
    <subfield code="2">23</subfield>
  </datafield>
  <datafield tag="245" ind1="0" ind2="3">
    <subfield code="a">El Siglo de Oro en la Espa&#xF1;a contempor&#xE1;nea /</subfield>
    <subfield code="c">Hanno Ehrlicher, Stefan Schreckenberg (eds.).</subfield>
  </datafield>
  <datafield tag="264" ind1=" " ind2="1">
    <subfield code="a">Madrid :</subfield>
    <subfield code="b">Iberoamericana ;</subfield>
    <subfield code="a">Frankfurt am Main :</subfield>
    <subfield code="b">Vervuert,</subfield>
    <subfield code="c">2011.</subfield>
  </datafield>
  <datafield tag="300" ind1=" " ind2=" ">
    <subfield code="a">1 recurso en l&#xED;nea (326 p&#xE1;ginas) :</subfield>
    <subfield code="b">ilustraciones</subfield>
  </datafield>
  <datafield tag="336" ind1=" " ind2=" ">
    <subfield code="a">texto</subfield>
    <subfield code="b">txt</subfield>
    <subfield code="2">rdacontent/spa</subfield>
  </datafield>
  <datafield tag="337" ind1=" " ind2=" ">
    <subfield code="a">computadora</subfield>
    <subfield code="b">c</subfield>
    <subfield code="2">rdamedia/spa</subfield>
  </datafield>
  <datafield tag="338" ind1=" " ind2=" ">
    <subfield code="a">recurso en l&#xED;nea</subfield>
    <subfield code="b">cr</subfield>
    <subfield code="2">rdacarrier/spa</subfield>
  </datafield>
  <datafield tag="490" ind1="1" ind2=" ">
    <subfield code="a">Ediciones de Iberoamericana. Serie A, Historia y cr&#xED;tica de la literatura ;</subfield>
    <subfield code="v">55</subfield>
  </datafield>
  <datafield tag="504" ind1=" " ind2=" ">
    <subfield code="a">Incluye referencias bibliogr&#xE1;ficas.</subfield>
  </datafield>
  <datafield tag="505" ind1="0" ind2=" ">
    <subfield code="a">El Barroco en el laboratorio de las revistas (1914-1930) / Aurora Egido -- De la escena al manual : el canon moderno de Lope de Vega / Fernando Dom&#xE9;nech Rico -- El Siglo de Oro en el Prado del siglo XX / Javier Port&#xFA;s -- 1492 como lugar de memoria espa&#xF1;ol : an&#xE1;lisis del desarrollo de la memoria cultural en Espa&#xF1;a desde el fin del siglo XIX / Steffen Just -- El Siglo de Oro y el discurso legitimador de la Iglesia Cat&#xF3;lica en la Espa&#xF1;a contempor&#xE1;nea / Manfred Tietz -- Lezama Lima y G&#xF3;ngora : analog&#xED;as y el uso de la met&#xE1;fora en la poes&#xED;a / Ingrid Simson -- Cervantes contra Cervantes : relecturas conmemorativas / Burkhard Pohl -- El Siglo de Oro bajo el prisma de la novela hist&#xF3;rica contempor&#xE1;nea : aprensi&#xF3;n e interpretaci&#xF3;n de una imagen / Isabelle Touton -- El sitio de Breda de Calder&#xF3;n y Las lanzas de Vel&#xE1;zquez en El sol de Breda de Arturo P&#xE9;rez-Reverte : transformaciones de un lugar de memoria / Stefan Schreckenberg -- Refuncionalizaciones de un entrem&#xE9;s cervantino : nuevos retablos de las maravillas en el teatro espa&#xF1;ol del siglo XX / Hanno Ehrlicher -- Tradici&#xF3;n propagand&#xED;stica : el auto sacramental franquista / Carey Kasten -- Avatares cinematogr&#xE1;ficos de Don Juan en tiempos de la democracia : las pel&#xED;culas Don Juan, mi querido fantasma de Antonio Mercero y Don Juan en los infiernos de Gonzalo Su&#xE1;rez / Hartmut Nonnenmacher -- De la (im)ponencia de un mito : la cultura espa&#xF1;ola contempor&#xE1;nea a la b&#xFA;squeda de Don Juan / Sabine Schmitz -- Dos vidas autovisuales : Teresa de Jes&#xFA;s de Josefina Molina (1984) y Teresa : el cuerpo de Cristo de Ray Loriga (2007) / Paul Julian Smith.</subfield>
  </datafield>
  <datafield tag="588" ind1=" " ind2=" ">
    <subfield code="a">Descripci&#xF3;n basada en metadatos suministrados por el editor y otras fuentes.</subfield>
  </datafield>
  <datafield tag="590" ind1=" " ind2=" ">
    <subfield code="a">Recurso electr&#xF3;nico. Santa Fe, Arg.: elibro, 2021. Disponible v&#xED;a World Wide Web. El acceso puede estar limitado para las bibliotecas afiliadas a elibro.</subfield>
  </datafield>
  <datafield tag="650" ind1=" " ind2="0">
    <subfield code="a">Spanish literature</subfield>
    <subfield code="y">Classical period, 1500-1700</subfield>
    <subfield code="x">History and criticism.</subfield>
  </datafield>
  <datafield tag="650" ind1=" " ind2="4">
    <subfield code="a">Literatura espa&#xF1;ola</subfield>
    <subfield code="y">Siglo XX</subfield>
    <subfield code="x">Historia y cr&#xED;tica.</subfield>
  </datafield>
  <datafield tag="650" ind1=" " ind2="4">
    <subfield code="a">Literatura espa&#xF1;ola</subfield>
    <subfield code="y">Periodo cl&#xE1;sico, 1500-1700</subfield>
    <subfield code="x">Historia y cr&#xED;tica.</subfield>
  </datafield>
  <datafield tag="650" ind1=" " ind2="0">
    <subfield code="a">Spanish literature</subfield>
    <subfield code="y">20th century</subfield>
    <subfield code="x">History and criticism.</subfield>
  </datafield>
  <datafield tag="651" ind1=" " ind2="0">
    <subfield code="a">Spain</subfield>
    <subfield code="x">History</subfield>
    <subfield code="y">House of Austria, 1516-1700.</subfield>
  </datafield>
  <datafield tag="651" ind1=" " ind2="4">
    <subfield code="a">Espa&#xF1;a</subfield>
    <subfield code="x">Historia</subfield>
    <subfield code="x">Casa de Austria, 1516-1700.</subfield>
  </datafield>
  <datafield tag="655" ind1=" " ind2="4">
    <subfield code="a">Libros electr&#xF3;nicos.</subfield>
  </datafield>
  <datafield tag="700" ind1="1" ind2=" ">
    <subfield code="a">Ehrlicher, Hanno,</subfield>
    <subfield code="e">editor.</subfield>
  </datafield>
  <datafield tag="700" ind1="1" ind2=" ">
    <subfield code="a">Schreckenberg, Stefan,</subfield>
    <subfield code="e">editor.</subfield>
  </datafield>
  <datafield tag="797" ind1="2" ind2=" ">
    <subfield code="a">elibro, Corp.</subfield>
  </datafield>
  <datafield tag="830" ind1=" " ind2="0">
    <subfield code="a">Editionen der Iberoamericana.</subfield>
    <subfield code="n">Serie A,</subfield>
    <subfield code="p">Literaturgeschichte und -kritik</subfield>
    <subfield code="v">55.</subfield>
  </datafield>
  <datafield tag="856" ind1="4" ind2="0">
    <subfield code="u">https://elibro.net/ereader/politecnicointernacional/174376</subfield>
  </datafield>
  <datafield tag="999" ind1=" " ind2=" ">
    <subfield code="c">38513</subfield>
    <subfield code="d">38513</subfield>
  </datafield>
</record>
